书目信息 |
| 题名: |
管理运筹学
|
|
| 作者: | 韩大卫 编著 | |
| 分册: | ||
| 出版信息: | 大连 大连理工大学出版社 2003 |
|
| 页数: | 352页 | |
| 开本: | 23cm | |
| 丛书名: | ||
| 单 册: | ||
| 中图分类: | C931.1 | |
| 科图分类: | ||
| 主题词: | 管理学--运筹学--高等学校--教材 , 管理学 , 运筹学 | |
| 电子资源: | ||
| ISBN: | 7-5611-1487-7 | |
| 000 | 00724nam0 2200265 450 | |
| 001 | 0900000008167 | |
| 005 | 20050907084748.20 | |
| 010 | @a7-5611-1487-7@dCNY29.80 | |
| 100 | @a20040730e2003 ekmy0chiy0120 ea | |
| 101 | 0 | @achi |
| 102 | @aCN@b210000 | |
| 105 | @ak az 000yy | |
| 200 | 1 | @a管理运筹学@Aguan li yun chou xue@f韩大卫编著@Fhan da wei bian zhu |
| 205 | @a4版 | |
| 210 | @a大连@c大连理工大学出版社@d2003 | |
| 215 | @a352页@d23cm | |
| 300 | @a工商管理硕士MBA系列教材 | |
| 320 | @a有书目 | |
| 606 | 0 | @a管理学@x运筹学@x高等学校@j教材 |
| 606 | 0 | @a管理学 |
| 606 | 0 | @a运筹学 |
| 690 | @aC931.1@v4 | |
| 701 | 0 | @a韩大卫@Ahan da wei@4编著 |
| 801 | 0 | @aCN@bTSSF@c20050907 |
| 905 | @a10447@dC931.1@e182=4 | |
| 管理运筹学/韩大卫编著.-4版.-大连:大连理工大学出版社,2003 |
| 352页;23cm |
| 工商管理硕士MBA系列教材 |
| ISBN 7-5611-1487-7:CNY29.80 |
| ● |
| 相关链接 |
|
|
|
|
正题名:管理运筹学
索取号:C931.1/182=4
 
预约/预借
| 序号 | 登录号 | 条形码 | 馆藏地/架位号 | 状态 | 备注 |
| 1 | 0359883 | 3598832 | 第一样本阅览室/ [索取号:C931.1/182=4] | 在馆 | |
| 2 | 0359884 | 3598841 | 第一借阅区/ [索取号:C931.1/182=4] | 在馆 | |
| 3 | 0359885 | 3598850 | 第一借阅区/ [索取号:C931.1/182=4] | 在馆 | |
| 4 | 0359886 | 3598869 | 第一借阅区/ [索取号:C931.1/182=4] | 在馆 | |
| 5 | 0359887 | 3598878 | 第一借阅区/ [索取号:C931.1/182=4] | 在馆 |